Text Book of Social Pharmacy (Record no. 13077)

MARC details
000 -LEADER
fixed length control field 00492nam a22002057a 4500
003 - CONTROL NUMBER IDENTIFIER
control field OSt
008 - FIXED-LENGTH DATA ELEMENTS--GENERAL INFORMATION
fixed length control field 250208b |||||||| |||| 00| 0 eng d
020 ## - INTERNATIONAL STANDARD BOOK NUMBER
International Standard Book Number 9789355705235
082 ## - DEWEY DECIMAL CLASSIFICATION NUMBER
Classification number 615.1 DAT
100 ## - MAIN ENTRY--PERSONAL NAME
Personal name Das, Ratna Jyoti
245 ## - TITLE STATEMENT
Title Text Book of Social Pharmacy
250 ## - EDITION STATEMENT
Edition statement Ist
260 ## - PUBLICATION, DISTRIBUTION, ETC. (IMPRINT)
Place of publication, distribution, etc N.Delhi
Name of publisher, distributor, etc Akinik Pub.
300 ## - PHYSICAL DESCRIPTION
Extent 147
650 ## - SUBJECT ADDED ENTRY--TOPICAL TERM
Topical term or geographic name as entry element Social Pharmacy
700 ## - ADDED ENTRY--PERSONAL NAME
Personal name Pathak, Kalyani
700 ## - ADDED ENTRY--PERSONAL NAME
Personal name Sarmah, Dibyo Jyoti
700 ## - ADDED ENTRY--PERSONAL NAME
Personal name Bardoloi, Samita
942 ## - ADDED ENTRY ELEMENTS (KOHA)
Source of classification or shelving scheme Dewey Decimal Classification
Koha item type Text Books
Holdings
Withdrawn status Lost status Source of classification or shelving scheme Damaged status Not for loan Collection code Home library Current library Date acquired Source of acquisition Currency Cost, normal purchase price Bill Number Total Checkouts Full call number Acc. no. / Barcode Date last seen Actual Cost, discounted price Bill Date Koha item type Date last borrowed
    Dewey Decimal Classification     Diploma in Pharmacy PIET C-LIBRARY PIET C-LIBRARY 08/02/2025 Zafaa Books Distributres In Rupees 730.00 ZBDO471   615.1 DAT DP1396 08/02/2025 620.50 06/02/2025 Text Books  
    Dewey Decimal Classification     Diploma in Pharmacy PIET C-LIBRARY PIET C-LIBRARY 08/02/2025 Zafaa Books Distributres In Rupees 730.00 ZBDO471 1 615.1 DAT DP1397 13/06/2025 620.50 06/02/2025 Text Books 23/05/2025
    Dewey Decimal Classification     Diploma in Pharmacy PIET C-LIBRARY PIET C-LIBRARY 08/02/2025 Zafaa Books Distributres In Rupees 730.00 ZBDO471 1 615.1 DAT DP1398 04/04/2025 620.50 06/02/2025 Text Books 28/03/2025
    Dewey Decimal Classification     Diploma in Pharmacy PIET C-LIBRARY PIET C-LIBRARY 08/02/2025 Zafaa Books Distributres In Rupees 730.00 ZBDO471   615.1 DAT DP1399 08/02/2025 620.50 06/02/2025 Text Books  
    Dewey Decimal Classification     Diploma in Pharmacy PIET C-LIBRARY PIET C-LIBRARY 08/02/2025 Zafaa Books Distributres In Rupees 730.00 ZBDO471   615.1 DAT DP1400 08/02/2025 620.50 06/02/2025 Text Books  
    Dewey Decimal Classification     Diploma in Pharmacy PIET C-LIBRARY PIET C-LIBRARY 11/04/2026 Zafaa Books Distributres Indian Rup 730.00 ZBD26-27-0007 1 615.1 DAT DP1514 05/06/2026 620.50 07/04/2026 Text Books 30/05/2026
    Dewey Decimal Classification     Diploma in Pharmacy PIET C-LIBRARY PIET C-LIBRARY 11/04/2026 Zafaa Books Distributres Indian Rup 730.00 ZBD26-27-0007   615.1 DAT DP1515 16/04/2026 620.50 07/04/2026 Text Books  
    Dewey Decimal Classification     Diploma in Pharmacy PIET C-LIBRARY PIET C-LIBRARY 11/04/2026 Zafaa Books Distributres Indian Rup 730.00 ZBD26-27-0007   615.1 DAT DP1516 16/04/2026 620.50 07/04/2026 Text Books  

Design & Developed by: PIET Central Library
R70 Miles Stone Pattikalyana Samalkha Panipat 132102
mail ID :- [email protected], Phone No:- 0180-2569700 Ex.216